000 00400nam a2200145Ia 4500
008 210210b1975 xxu||||| |||| 00| 0 eng d
020 _a0 256 01511 2
082 _a300.72 GORI
100 _aGORDEN (Raymond L).
245 _aInterviewing: strategy, techniques, and tactics. Rev Ed.
260 _aLondon.
_bThe Dorsey Press
_c1975
300 _axv,587
690 _aSocial Research
906 _a040809
999 _c90839
_d90839